书目信息 |
| 题名: |
体育与健康
|
|
| 作者: | 刘青 , 胡英宗 主编 | |
| 分册: | ||
| 出版信息: | 成都 西南财经大学出版社 2005.08 |
|
| 页数: | 294页 | |
| 开本: | 21cm | |
| 丛书名: | ||
| 单 册: | ||
| 中图分类: | G807.4 | |
| 科图分类: | ||
| 主题词: | 体育--ti yu--高等学校--教材 , 健康教育--jian kang jiao yu--高等学校--教材 | |
| 电子资源: | ||
| ISBN: | 7-81088-351-8 | |
| 000 | 00958nam0 2200241 450 | |
| 001 | 012006392467 | |
| 005 | 20060630162107.12 | |
| 010 | @a7-81088-351-8@dCNY29.80 | |
| 100 | @a20060610d2005 km y0chiy0120 ea | |
| 101 | 0 | @achi |
| 102 | @aCN@b510000 | |
| 105 | @aa z 000yy | |
| 200 | 1 | @a体育与健康@Ati yu yu jian kang@f刘青, 胡英宗主编@Fliu qing,hu ying zong zhu bian |
| 210 | @a成都@c西南财经大学出版社@d2005.08 | |
| 215 | @a294页@c图@d21cm | |
| 330 | @a本书是由一群以年青人为主的商院教师们编写,意在将“健康第一”的新时代学校教育思想积极的传授给学生,使高校学生系统地学习体育知识、技术、技能和科学的锻炼方法,同时能够提高自身的体育文化素养,培养良好的锻炼习惯和自我保健的意识和能力。 | |
| 606 | 0 | @a体育@Ati yu@x高等学校@j教材 |
| 606 | 0 | @a健康教育@Ajian kang jiao yu@x高等学校@j教材 |
| 690 | @aG807.4@v4 | |
| 701 | 0 | @a刘青@Aliu qing@4主编 |
| 701 | 0 | @a胡英宗@Ahu ying zong@4主编 |
| 801 | 0 | @aCN@bQSSK@c20060630 |
| 905 | @a10447@dG807.4@eL662 | |
| 体育与健康/刘青, 胡英宗主编.-成都:西南财经大学出版社,2005.08 |
| 294页:图;21cm |
| ISBN 7-81088-351-8:CNY29.80 |
| 本书是由一群以年青人为主的商院教师们编写,意在将“健康第一”的新时代学校教育思想积极的传授给学生,使高校学生系统地学习体育知识、技术、技能和科学的锻炼方法,同时能够提高自身的体育文化素养,培养良好的锻炼习惯和自我保健的意识和能力。 |
| ● |
| 相关链接 |
|
|
|
正题名:体育与健康
索取号:G807.4/L662
 
预约/预借
| 序号 | 登录号 | 条形码 | 馆藏地/架位号 | 状态 | 备注 |
| 1 | 583381 | 205833810 | 社科库409/409社科库 20排2列3层/ [索取号:G807.4/L662] | 在馆 | |
| 2 | 583382 | 205833829 | 社科库409/409社科库 20排2列3层/ [索取号:G807.4/L662] | 在馆 | |
| 3 | 583383 | 205833838 | 社科库409/409社科库 20排2列3层/ [索取号:G807.4/L662] | 在馆 |